00725nam a2200193 a 4500008004100000020001800041050001600059100002000075245014600095260004900241300002000290490004900310500005100359650002200410650003600432650002000468700001900488700002400507211122s2011 ||||||||||||||||| || u a9780566089817 aHV 6768 Cri aBurke, Ronald J10aCrime and corruption in organizations : why it occurs and what to do about itcEdited by Ronald J. Burke; Edward C. Tomlinson; Cary L. Cooper aBurlingtonbAshgate Publishing Limitedc2011 axvii, 361 pages aPsychological and behavioral aspects of risk aIncludes bibliographical references and index. 0aCOMMERCIAL CRIMES aCORPORATIONS--CORRUPT PRACTICES aBUSINESS ETHICS aCooper, Cary L aTomlinson, Edward C